Yuvaon ke beech nashe ki lat: Ek samajshastriya adhyayan (Record no. 127387)

MARC details
000 -LEADER
fixed length control field 00348nam a2200145Ia 4500
008 - FIXED-LENGTH DATA ELEMENTS--GENERAL INFORMATION
fixed length control field 230917s9999||||xx |||||||||||||| ||und||
040 ## - CATALOGING SOURCE
-- 243178
Original cataloging agency VIVEKANANDA LIBRARY
041 ## - Language
-- English
082 ## - DDC NUMBER
Classification number 362.292 A53Y
100 ## - MAIN ENTRY--PERSONAL NAME
Personal name Anil
245 #0 - TITLE STATEMENT
Title Yuvaon ke beech nashe ki lat: Ek samajshastriya adhyayan
260 ## - PUBLICATION, DISTRIBUTION, ETC. (IMPRINT)
Date of publication, distribution, etc 2015
300 ## - PHYSICAL DESCRIPTION
Pages 76 p.
942 ## - ADDED ENTRY ELEMENTS (KOHA)
Koha item type Thesis
Holdings
Withdrawn status Lost status Damaged status Not for loan Location (home branch) Sublocation or collection (holding branch) Date acquired Koha issues (times borrowed) Koha full call number Accession No. Koha date last seen Koha item type
        VIVEKANANDA LIBRARY VIVEKANANDA LIBRARY 08/11/2017   362.292 A53Y 223249 17/09/2023 Thesis
© Designed and Maintained by Vivekananda Library, MDU Rohtak